000 01601nam a22002177a 4500
005 20220209094913.0
008 220208b ||||| |||| 00| 0 eng d
020 _a9780393356496
040 _cAL
041 _aeng
082 _223
_a330
_bWHEN
100 _aCharles Wheelan
_917525
245 _aNaked Economics
_bUndressing the Dismal Science
260 _aNew York
_bW.W Norton and Company
_c2019
300 _axxix,366p.
_bPB
_c20.4X13.2cm.
365 _2General
_a5620
_b₹1160.00
_c
_d₹1450.00
_e20%
_f03-02-2022
520 _aInternational bestseller "Clear, concise, informative, [and] witty." ―Chicago Tribune At last! A new edition of the economics book that won’t put you to sleep. In fact, you won’t be able to put this bestseller down. In our challenging economic climate, this perennial favorite of students and general readers is more than a good read, it’s a necessary investment―with a blessedly sure rate of return. This revised and updated edition includes commentary on hot topics such as automation, trade, income inequality, and America’s rising debt. Ten years after the financial crisis, Naked Economics examines how policymakers managed the worst economic crisis since the Great Depression. Demystifying buzzwords, laying bare the truths behind oft-quoted numbers, and answering the questions you were always too embarrassed to ask, the breezy Naked Economics gives you the tools to engage with pleasure and confidence in the deeply relevant, not so dismal science.
650 _2Economics
700 _aMalkiel,Burton G Frwd.
_917526
942 _2ddc
_cBK
999 _c221445
_d221445